Jesuitas en el mar : Cuaderno de bitácora de Eusebio Francisco Kino desde Génova a Sevilla 1678 /
Diario del viaje de Italia a España, del padre Eusebio Francisco Kino y sus compañeros destinados a las misiones de América y el Lejano Oriente.
Guardat en:
| Autor principal: | |
|---|---|
| Altres autors: | , , , , |
| Format: | Llibre |
| Idioma: | espanyol |
| Publicat: |
Guadalajara, México :
Universidad de Guadalajara, Centro Universitario de Ciencias Sociales y Humanidades,
2008, c2008
|
| Col·lecció: | (Textos en Torno a Kino ;
2) |
| Matèries: | |
| Etiquetes: |
MARC
| LEADER | 00000nam^a2200000^a^4500 | ||
|---|---|---|---|
| 001 | 000411881 | ||
| 005 | 20250526000000.0 | ||
| 009 | 20260310122124.691 | ||
| 020 | |a 978-970-764-862-3 | ||
| 037 | |a Acervo ITESO - Biblioteca | ||
| 041 | |a ESP | ||
| 082 | |a 972. 03 |b GOM TEX V. 2 | ||
| 100 | |a Kino, Eusebio Francisco |e (autor) | ||
| 240 | 1 | 1 | |a [Textos en torno a Kino] |
| 240 | 1 | 1 | |a [Cuaderno de bitácora de Eusebio Francisco Kino desde Génova a Sevilla] |
| 245 | 1 | 0 | |a Jesuitas en el mar : |b Cuaderno de bitácora de Eusebio Francisco Kino desde Génova a Sevilla 1678 / |
| 264 | 4 | |a Guadalajara, México : |b Universidad de Guadalajara, Centro Universitario de Ciencias Sociales y Humanidades, |c 2008, c2008 | |
| 300 | |a 140 p. ; |c 33.5 cm. | ||
| 336 | |a texto |b txt |2 rdacontenido | ||
| 337 | |a sin mediación |b n |2 rdamedio | ||
| 338 | |a volumen |b nc |2 rdasoporte | ||
| 440 | 1 | |a (Textos en Torno a Kino ; |v 2) | |
| 520 | |a Diario del viaje de Italia a España, del padre Eusebio Francisco Kino y sus compañeros destinados a las misiones de América y el Lejano Oriente. | ||
| 534 | |a Reproducción facsimilar del manuscrito de 1678, resguardado en los Archivos Estatales de Baviera | ||
| 545 | 0 | |a Eusebio Francisco Kino (1645-1711), originario de Segno, Italia y muerto en Magdalena, Sonora, ingresó a la Compañía de Jesús en 1665 y dieciséis años más tarde llegó al continente americano. En el territorio novohispano fundó misiones y desarrolló una importante labor civilizadora en la región conocida como la Pimería Alta (tierra alta de los pimas) que comprendía la parte norte del actual Estado de Sonora en México y el sur de Arizona en Estados Unidos. La acción evangelizadora y humanista del padre Kino se extendió también por Sinaloa y la Alta y Baja California. Además del trabajo pastoral, su obra comprende descubrimientos geográficos, exploraciones, la introducción de la ganadería y métodos agrícolas modernos y observaciones astronómicas. Dejó testimonio de todo ello en una amplia bibliografía que, entre otros títulos, incluye: Las misiones de Sonora y Arizona: favores celestiales y la relación diaria de la entrada al noroeste; Cartas a la Procura de misiones; Arte de la lengua névome: que se dice pima, propia de Sonora: con la doctrina christiana y confesionario añadidos; Teatro de los trabajos apostólicos de la Compañía de Jesus en la America Septentrional; y Doctrina christiana y confesionario en lengua nevome, ó sea la pima, propria de Sonora. | |
| 546 | |a Edición bilingüe español-latín | ||
| 649 | |a XX | ||
| 650 | |a Jesuitas Italianos - |x Memorias | ||
| 650 | |a Evangelizadores Italianos - |x Memorias | ||
| 650 | |a Religiosos Italianos - |x Memorias | ||
| 650 | |a Jesuitas en Europa - |x Historia - |y Siglo XVII - |x Tema Principal | ||
| 650 | |a Iglesia Católica en Europa - |x Historia - |y Siglo XVII | ||
| 650 | |a Monasticismo y Ordenes Religiosas - |z Europa - |x Historia - |y Siglo XVII | ||
| 650 | |a Misiones - |z América - |x Historia - |y Siglo XVII | ||
| 650 | |a Misiones - |z Lejano Oriente - |x Historia - |y Siglo XVII | ||
| 650 | |a Catolicismo - |z Europa - |x Historia - |y Siglo XVII | ||
| 650 | |a Cristianismo - |z Europa - |x Historia - |y Siglo XVII | ||
| 650 | |a Religión - |z Europa - |x Historia - |y Siglo XVII | ||
| 650 | |a Europa - |x Historia - |y Siglo XVII | ||
| 650 | |a Kino, Eusebio Francisco - |x Tema Principal | ||
| 740 | 0 | |a De itinere maritimo P. Eusebii Chini ceterorumque 18 missionarium Societatis Jesu, Genua Gades usque, ephemeris sue diarium. Hispali 27 julii anno 1678 = |b Cuaderno de bitácora de Eusebio Francisco Kino y los 18 misioneros jesuitas, desde Génova hasta Cádiz, Sevilla, 27 de junio de 1678 / | |
| 700 | |a Gómez Padilla, Gabriel |e (compilación y estudio) | ||
| 700 | |a Ghetta, Frumencio |e (paleografía) | ||
| 700 | |a Valenzuela Tourniayre, Enriqueta |e (transcripción) | ||
| 700 | |a Knoderer, Gustavo |e (traducción) | ||
| 700 | |a Torres Martínez, Raúl |e (traducción) | ||
| 910 | |a Fondo General | ||
| 920 | |a Impresos - Libros | ||
| 930 | |a Libros Antiguos y Raros | ||
| 940 | |a Jesuitas | ||
| 905 | |a 108 | ||
| 901 | |a 0500320769 |b IT2 |c LRA |i D52963 |u 20250526 | ||
| 902 | |a https://opac.biblio.iteso.mx/vufind/Record/000411881 | ||